[Event "British Universities-ch"]
[Site "Chess.com INT"]
[Date "2022.03.05"]
[Round "9.3"]
[White "Saraf, Divanshu"]
[Black "Brooks, Connor"]
[Result "1-0"]
[WhiteElo "1069"]
[BlackElo "1718"]
[PlyCount "51"]
[EventDate "2022.03.05"]
[EventType "swiss"]
[EventRounds "9"]
[EventCountry "ENG"]
[SourceTitle "EXT 2023"]
[Source "ChessBase"]
[SourceDate "2022.10.05"]
[SourceVersion "1"]
[SourceVersionDate "2022.10.05"]
[SourceQuality "1"]
[WhiteTeam "Brunel"]
[BlackTeam "Swansea"]
[WhiteTeamCountry "ENG"]
[BlackTeamCountry "WLS"]

1. e4 d5 2. exd5 Qxd5 3. Nc3 Qa5 4. Bc4 Nc6 5. Nf3 Bg4 6. 0-0 0-0-0 7. h3 Bh5 8. g4 Bg6 9. a3 e5 10. Ng5 Nh6 11. d3 f6 12. Ne6 Rd6 13. b4 Qb6 14. Na4 Bxd3 15. Nxb6+ axb6 16. cxd3 Nd4 17. Nxd4 Rxd4 18. Be3 Rd8 19. Qf3 Be7 20. Qe4 g5 21. Bd5 c6 22. Bxc6 bxc6 23. Qxc6+ Kb8 24. Qxb6+ Kc8 25. Rac1+ Kd7 26. Qc6# 1-0